000 00553nam a2200193Ia 4500
003 OSt
005 20201111152403.0
008 190216s9999||||xx |||||||||||||| ||und||
020 _a9788120327610
040 _coclc
082 _a519.4
_bSAS/I
100 _aSastry, S S
_93966
245 0 _aIntroductory Methods Of Numerical Analysis /
_cS S Sastry
250 _a4th Ed.
260 _bPhi Learning Private Ltd,
_c2009.
_aNew Delhi:
300 _a440p
650 _aMathematics
942 _cBK
_2ddc
_h519.4
_iSAS/I
_k519.4
_mSAS/I
999 _c32302
_d32302